000 00375nam a2200133Ia 4500
005 20251222143308.0
008 251222s9999||||xx |||||||||||||| ||spa||
020 _a978-84-7635-666-1
082 _a658.403.8/M26
100 _aMartínez Usero, José Ángel
245 0 _aLa Gestión del Conocimiento en la Administración Electrónica
264 _bArco Libros
942 _cLIB
999 _c15586
_d15586